01121cam a2200241 a 450000500170000000800410001702000150005804100080007324501080008125001590018926000320034830000160038050001470039665300600054365300340060365300660063765300370070365300490074070000290078970000190081870000190083770000230085620240619132807.0100708s2003||||sp a f |||| 00| 0 spa d a8445811762 aspa aInmunobiología. bEl sistema inmunitario en condiciones de salud y enfermedad / cCharles A. Janeway a2a ed. versión en español de la 5a ed. en inglésbTraducción de Eva Sanz ; Mario Parraga ; Antonio de la Hera y Sofía Pérez del Pulgar Gallart aBarcelona: bMasson;c2003. a731 p.bil. aJaneway, C. A. Jr. et al. (2003). Inmunobiología. El sistema inmunitario en condiciones de salud y enfermedad. (2a ed.). Barcelona : Masson. aIntroducción a la inmunobiología e inmunidad innata aReconocimiento del antígeno aDesarrollo de repertorios de receptores de linfocitos maduros aRespuesta inmunitaria adaptativa aSistema inmunitario en la salud y enfermedad1 aJaneway, Charles A.dJr.1 aTravers, Paul.1 aWalport, Mark.1 aShlomchik, Mark J.